Východiská analýzy správania sa subjektov pri simuláciách národného hospodárstva
Autor dlhodobo overuje možnosti daní z príjmov ovplyvňovať cenovú hladinu v národnom hospodárstve, pričom experimentálnu časť realizuje s využitím simulácií. V príspevku uvádza predbežnú analýzu a klasifikáciu možných druhov správania sa subjektov interagujúcich v simulácii. Pre jednoduchú simuláciu...
Salvato in:
| Autore principale: | |
|---|---|
| Natura: | Capitolo di libro |
| Lingua: | slovacco |
| Soggetti: | |
| Tags: |
Nessun Tag, puoi essere il primo ad aggiungerne!!
|
MARC
| LEADER | 00000naa$a2200000$$$4500 | ||
|---|---|---|---|
| 001 | 0031564 | ||
| 005 | 20240502071437.8 | ||
| 041 | 0 | |a slo | |
| 044 | |a SK | ||
| 245 | 1 | 0 | |a Východiská analýzy správania sa subjektov pri simuláciách národného hospodárstva |c Martin Babiak |
| 520 | |a Autor dlhodobo overuje možnosti daní z príjmov ovplyvňovať cenovú hladinu v národnom hospodárstve, pričom experimentálnu časť realizuje s využitím simulácií. V príspevku uvádza predbežnú analýzu a klasifikáciu možných druhov správania sa subjektov interagujúcich v simulácii. Pre jednoduchú simuláciu NH uvažuje tri typy subjektov - domácnosti, vládu a podnikateľský sektor, každý ma svoju spotrebu, každý nakupuje, v rámci nakupovania rozhoduje, podnikateľský sektor sa rozhoduje o cenách, za ktoré bude predávať svoju produkciu. Autor komentuje jednotlivé činnosti s naznačením možnosti realizácie daného správania v simulácii. | ||
| 610 | 2 | 0 | |a hospodárstvo národné |
| 610 | 2 | 0 | |a správanie |
| 610 | 2 | 0 | |a subjekt |
| 610 | 2 | 0 | |a simulácia |
| 610 | 2 | 0 | |a modely simulačné |
| 100 | 1 | |a Babiak, Martin | |